000 00256nam a2200097Ia 4500
001 699494
005 20250826162112.0
008 250824s9999 xx 000 0 und d
245 0 _aDOSTLUKLARIN SON GÜNÜ/S.İLERİ/EVEREST
_cSELİM İLERİ
260 _bEVEREST
999 _c699494
_d699494